000 00690nam a2200133Ia 4500
008 171212s9999 xx 000 0 und d
020 _a9780833078377
100 _aMcGarvey, Ronald G.;Light, Thomas;Thomas, Brent;Sanchez, Ricardo
245 _cMcGarvey, Ronald G.;Light, Thomas;Thomas, Brent;Sanchez, Ricardo
_aCommercial Intratheater Airlift
_bCost-Effectiveness Analysis of Use in U.S. Central Command
260 _bRAND Corporation
_c2013
650 _aAirlift, Military -- United States -- Costs -- Evaluation; Airlift, Military -- Contracting out -- United States -- Evaluation; United States. Central Command
650 _aHistory
856 _uwww.jstor.org/stable/10.7249/j.ctt3fh1m7
999 _c351874
_d351874